Revista Herencia | Programa de rescate y Revitalizacion del Patrimonio Cultural/ (Record no. 4154)

MARC details
000 -LEADER
campo de control de longitud fija 00850nam a22002177a 4500
003 - IDENTIFICADOR DE NÚMERO DE CONTROL
campo de control OSt
005 - FECHA Y HORA DE LA ÚLTIMA TRANSACCIÓN
campo de control 20230817101807.0
008 - DATOS DE LONGITUD FIJA--INFORMACIÓN GENERAL
campo de control de longitud fija 221006b |||||||| |||| 00| 0 eng d
040 ## - FUENTE DE CATALOGACIÓN
Centro/agencia transcriptor Biblioteca Lado V
082 ## - NÚMERO DE LA CLASIFICACIÓN DECIMAL DEWEY
Número de clasificación 306.05
Número de ítem R454r
130 ## - ENTRADA PRINCIPAL--TÍTULO UNIFORME
9 (RLIN) 946
Título uniforme Revista Herencia
Lenguaje de la obra spa
245 ## - MENCIÓN DEL TÍTULO
Título Revista Herencia | Programa de rescate y Revitalizacion del Patrimonio Cultural/
260 ## - PUBLICACIÓN, DISTRIBUCIÓN, ETC.
Nombre del editor, distribuidor, etc. Universidad de Costa Rica
-- Vicerrectoria de acción social
Fecha de publicación, distribución, etc. 2004
Lugar de publicación, distribución, etc. Costa Rica
-- San Jose
300 ## - DESCRIPCIÓN FÍSICA
Dimensiones 18x25.5cm
Extensión 130p.
490 ## - MENCIÓN DE SERIE
Mención de serie 1-2
Número Internacional Normalizado para Publicaciones Seriadas 1659-0066
Designación de volumen o secuencia 16
650 ## - PUNTO DE ACCESO ADICIONAL DE MATERIA--TÉRMINO DE MATERIA
Fuente del encabezamiento o término Tesauro de Arte & Arquitectura
Término de materia o nombre geográfico como elemento de entrada FOLCLORE
9 (RLIN) 703
650 ## - PUNTO DE ACCESO ADICIONAL DE MATERIA--TÉRMINO DE MATERIA
Fuente del encabezamiento o término Tesauro de Arte & Arquitectura
Término de materia o nombre geográfico como elemento de entrada CIVILIZACION
650 ## - PUNTO DE ACCESO ADICIONAL DE MATERIA--TÉRMINO DE MATERIA
Fuente del encabezamiento o término Tesauro de Arte & Arquitectura
Término de materia o nombre geográfico como elemento de entrada PUBLICACIONES PERIODICAS
651 ## - PUNTO DE ACCESO ADICIONAL DE MATERIA--NOMBRE GEOGRÁFICO
Fuente del encabezamiento o término Tesauro de Arte & Arquitectura
Nombre geográfico COSTA RICA
942 ## - ELEMENTOS DE ENTRADA SECUNDARIOS (KOHA)
Fuente del sistema de clasificación o colocación Clasificación Decimal Dewey
Tipo de ítem Koha Libros
Parte de la signatura que corresponde a la clasificación (Parte de la clasificación) 306.05
Parte de la signatura que identifica el ejemplar (Parte del ítem) R454r
Suprimir en OPAC No
Holdings
Estatus retirado Estado de pérdida Fuente del sistema de clasificación o colocación Especificación de materiales (volumen encuadernado u otra parte) Estado de daño No para préstamo Colección Biblioteca de origen Biblioteca actual Fecha de adquisición Enumeración/cronología de publicación seriada Número de inventario Total de préstamos Signatura topográfica completa Código de barras Visto por última vez Precio de reemplazo Tipo de ítem Koha
    Clasificación Decimal Dewey 2004     Revistas Biblioteca LadoV Biblioteca LadoV 17/08/2023 1-2 003391   306.05 R454re 003391 17/08/2023 17/08/2023 Libros